000 00650nam a2200205 a 4500
001 21473
003 CO-ViMGA
008 141112s2004 ck r 000 u spa d
020 _a8495040115
040 _aCO-ViMGA
_bspa
_cCO-ViMGA
082 0 4 _aCOUl
100 1 _aCousins, Lucy
_930671
245 1 0 _aLos amigos de Maisy :
_bLibro para colorear
260 _aBarcelona :
_bSerres,
_c1999
300 _a15
500 _aLibros para bebes.
590 _aForma de adquisición : Donación fact. 8847 - - Precio : 19000 - - Proveedor : Fundación exito - - Fecha de adquisición : Junio 2007
650 1 4 _aCUENTOS INFANTILES
_92743
942 _2ddc
_cBK
999 _c30077
_d30077